Tormentas de verano / (Registro nro. 10236)

Detalles MARC
000 -LIDER
fixed length control field 00680nam a22002417a 4500
001 - NÚMERO DE CONTROL
Identificador de número de control 00004521
003 - IDENTIFICACDOR DE NÚMERO DE CONTROL
control field DO-SdBNP
005 - DATE AND TIME OF LATEST TRANSACTION
control field 20180126143320.0
008 - ELEMENTOS DE LONGITUD FIJA
fixed length control field 160530b 2001 sp xxu||||| |||| 00| 0 spa d
020 ## - ISBN
International Standard Book Number 8439690525
040 ## - FUENTE DE CATALOGACIÓN
Agencia que crea de manera original el registro BPMSU
Idioma de catalogación spa
Agencia que realiza la transcripción BPMSU
092 ## - LOCALLY ASSIGNED DEWEY DECIMAL CALL NUMBER
Número de clasificación xxxxx
Número de ítem (Cutter) xxxxx
100 1# - ASIENTO PRINCIPAL -- NOMBRE PERSONAL
Nombre personal Clayton, Donna
240 10 - TITULO UNIFORME
Título uniforme Who will father my baby?
Idioma de una obra Español.
245 10 - MENCIÓN DE TITULO
Título Tormentas de verano /
Mención de responsabilidad Donna Clayton.
260 ## - PUBLICACIÓN, DISTRIBUCIÓN, ETC. (PIE DE IMPRENTA)
Lugar de publicación, distribución, etc Madrid :
Nombre del editor, distribuidor, etc. Harlequín Ibérica,
Fecha de publicación, distribución, etc 2001.
300 ## - DESCRIPCIÓN FÍSICA
Extensión 158 p. ;
Otros detalles físicos 18 cm.
490 1# - MENCIÓN DE SERIES
Mención de serie Julia
Volume/sequential designation 1216
830 #0 - ASIENTO SECUNDARIO DE SERIE--TÍTULO UNIFORME
Nombre de la parte o sección de una obra Julia ;
Volume number/sequential designation 1216
942 ## - ADDED ENTRY ELEMENTS (KOHA)
Source of classification or shelving scheme Dewey Decimal Classification
Koha item type Libros
945 ## - INFORMACIÓN DE PROCESAMIENTO LOCAL
Información de procesamiento local Inventariado, 2018 / BT
956 ## - LOCAL ELECTRONIC LOCATION AND ACCESS (OCLC)
Método de acceso LOPEREZ
Materiales especificados 10
Enlace 20160530
Campo enlazado y núm. de secuencia BPMSU
Nombre de host 00041
Existencias
Withdrawn status Lost status Source of classification or shelving scheme Damaged status Not for loan Collection code Home library Current library Date acquired Source of acquisition Total Checkouts Barcode Date last seen Price effective from Koha item type
    Dewey Decimal Classification     Colección Juvenil General Biblioteca Pública Metropolitana Salomé Ureña Biblioteca Pública Metropolitana Salomé Ureña 05/30/2016 Sin sellar   BPMSU16050463 05/30/2016 05/30/2016 Libros